LEADER 00890nam0-22003251i-450- 001 990004384820403321 005 20030911113429.0 010 $a88-17-87027-7 035 $a000438482 035 $aFED01000438482 035 $a(Aleph)000438482FED01 035 $a000438482 100 $a19990604d2002----km-y0itay50------ba 101 0 $aita 102 $aIT 105 $a--------001ay 200 1 $a<>grande mago$evita, morte e miracoli del Conte di Cagliostro$fRoberto Gervaso 205 $aN. ed. agg. 210 $aMilano$cRizzoli$d2002 215 $a279 p.$d23 cm 610 0 $aCagliostro, Alessandro 676 $a133.092$v20$zita 700 1$aGervaso,$bRoberto$0176195 801 0$aIT$bUNINA$gRICA$2UNIMARC 901 $aBK 912 $a990004384820403321 952 $aP.3 B 13855$fFLFBC 959 $aFLFBC 996 $aGrande mago$9542660 997 $aUNINA LEADER 01524oam 2200409zu 450 001 996279578103316 005 20210807000258.0 010 $a0-7381-1840-0 035 $a(CKB)1000000000035739 035 $a(SSID)ssj0000996533 035 $a(PQKBManifestationID)12442120 035 $a(PQKBTitleCode)TC0000996533 035 $a(PQKBWorkID)10979126 035 $a(PQKB)10487450 035 $a(WaSeSS)IndRDA00077877 035 $a(NjHacI)991000000000035739 035 $a(EXLCZ)991000000000035739 100 $a20160829d1999 uy 101 0 $aeng 135 $aur||||||||||| 181 $ctxt 182 $cc 183 $acr 200 00$a1999 IEEE Standard for Radio Frequency Energy and Current Flow Symbols 210 31$a[Place of publication not identified]$cIEEE$d1999 215 $a1 online resource (18 pages) 300 $aBibliographic Level Mode of Issuance: Monograph 311 $a0-7381-1839-7 330 $aSymbols to inform people about the presence of potentially hazardous levels of radio-frequency energy or the presence of contact current hazards in the frequency range of 3 kHz to 300 GHz are specified. Guidance is given about how these symbols should be used on warning signs and labels. 606 $aRadio frequency$vCongresses 615 0$aRadio frequency 676 $a621.38411 801 0$bPQKB 906 $aDOCUMENT 912 $a996279578103316 996 $a1999 IEEE Standard for Radio Frequency Energy and Current Flow Symbols$92581102 997 $aUNISA